000 00973nam a2200301 a 4500
001 57627
003 BD-RjUL
005 20211209080533.0
008 111216s2010 enk b 001 0 eng d
020 _a9780141192055 (pbk.)
020 _a0141192054 (pbk.)
035 _a(BD-RjUL) 57751
040 _aStDuBDS
_beng
_cStDuBDS
_dBD-RjUL
041 _aeng
082 0 4 _a305.420973
_223
_bFRF 2010
100 1 _aFriedan, Betty.
_9171111
245 1 4 _aThe feminine mystique /
_cBetty Friedan ; with an introduction by Lionel Shriver.
260 _aLondon :
_bPenguin,
_cc2010.
300 _ax, 347 p. ;
_c20 cm.
490 1 _aPenguin modern classics
500 _aFirst published 1963.
504 _aIncludes bibliographical references and index.
650 0 _aFeminism
_zUnited States.
_9171112
650 0 _aWomen
_zUnited States
_xSocial conditions.
_9171113
650 0 _aWomen
_xPsychology.
_9171114
830 0 _aPenguin modern classics.
_9171116
942 _2ddc
_cBK
999 _c57627
_d57627